Milenio: historia
Պահպանված է:
| Հիմնական հեղինակներ: | , |
|---|---|
| Ձևաչափ: | Գիրք |
| Լեզու: | իսպաներեն |
| Հրապարակվել է: |
Madrid, España
SM
1998
|
| Շարք: | Secundaria Ciencias Sociales, Segundo Ciclo
|
| Խորագրեր: | |
| Ցուցիչներ: |
Ավելացրեք ցուցիչ
Չկան պիտակներ, Եղեք առաջինը, ով նշում է այս գրառումը!
|
MARC
| LEADER | 00000nam a2200000 a 4500 | ||
|---|---|---|---|
| 001 | UCN9355 | ||
| 003 | CL-VaPUC | ||
| 005 | 20230526074336.0 | ||
| 008 | 011130e19980000SP |||||||||||||||||spa|d | ||
| 999 | |c 298794 |d 298792 | ||
| 040 | |c Pontificia Universidad Católica de Valparaíso | ||
| 082 | 0 | 4 | |a 372.89 SAN 1998 |2 21 |
| 100 | 0 | |a Santacana i Mestre, Joan |e author |9 465899 | |
| 245 | 1 | 0 | |a Milenio: |b historia |
| 260 | |a Madrid, España |b SM |c 1998 | ||
| 300 | |a 319 páginas | ||
| 490 | 0 | |a Secundaria Ciencias Sociales, Segundo Ciclo | |
| 583 | |a last modification |c 20011130 00:00:00 |k Rodrigo Vera | ||
| 650 | 0 | |a Enseñanza de la historia |9 307330 | |
| 650 | 7 | |a HISTORIA UNIVERSAL |2 CL-VaPUC |9 465901 |y SIGLOS 17-20 | |
| 650 | 0 | |a Historia contemporánea |9 343224 | |
| 650 | 0 | |a Revolución industrial |9 309422 | |
| 650 | 0 | |a Revolución rusa |9 343225 | |
| 650 | 0 | |a Primera Guerra Mundial |9 373283 | |
| 650 | 0 | |a Segunda Guerra Mundial |9 325982 | |
| 700 | 0 | |a Zaragoza, Gonzalo |e author |9 465900 | |
| 942 | |c BK |2 ddc | ||
| 945 | |d 20011130 00:00:00 |a crobeson | ||
| 952 | |0 0 |1 0 |2 ddc |4 0 |6 372_890000000000000_SAN_1998 |7 0 |8 A |9 354723 |a BIBHIS |b BIBHIS |d 2019-11-21 |i 3775917 |o 372.89 SAN 1998 |p 3775917 |r 2025-01-20 |t 1 |w 2019-11-21 |y BK |k HIS | ||